|
|
|
|
| LEADER |
00000nam0a2200000 4500 |
| 001 |
35485 |
| 005 |
20231030233849.0 |
| 010 |
|
|
|a 5217001798
|
| 035 |
|
|
|a (RuTPU)RU\TPU\book\35917
|
| 035 |
|
|
|a BOOK00002569
|
| 090 |
|
|
|a 35485
|
| 100 |
|
|
|a 20011210d1988 km y0rusy50 ca
|
| 101 |
1 |
|
|a rus
|c eng
|
| 102 |
|
|
|a RU
|
| 105 |
|
|
|a y z 000zy
|
| 200 |
1 |
|
|a Базы данных для микроЭВМ
|e пер. с англ.
|f П. Лори
|
| 210 |
|
|
|a Москва
|c Машиностроение
|d 1988
|
| 215 |
|
|
|a 135 с.
|
| 610 |
1 |
|
|a микроЭВМ
|
| 610 |
1 |
|
|a программы
|
| 610 |
1 |
|
|a базы данных
|
| 610 |
1 |
|
|a управление
|
| 610 |
1 |
|
|a обеспечение
|
| 610 |
1 |
|
|a информация
|
| 610 |
1 |
|
|a поиски
|
| 610 |
1 |
|
|a языки программирования
|
| 675 |
|
|
|a 681.3.016
|v 3
|
| 700 |
|
1 |
|a Лори
|b П.
|g Питер
|
| 801 |
|
0 |
|a RU
|b 63413507
|c 20011210
|g PSBO
|
| 801 |
|
2 |
|a RU
|b 63413507
|c 20160712
|g PSBO
|
| 900 |
|
|
|a Информационные технологии менеджмента качества
|
| 942 |
|
|
|c BK
|